书目信息 |
| 题名: |
汉魏六朝诗:走向顶峰之路
|
|
| 作者: | 张亚新 著 | |
| 分册: | ||
| 出版信息: | 桂林 广西师范大学出版社 1999.06 |
|
| 页数: | 324页 | |
| 开本: | 32开 | |
| 丛书名: | ||
| 单 册: | ||
| 中图分类: | I207.2 | |
| 科图分类: | ||
| 主题词: | 文学--中国 | |
| 电子资源: | ||
| ISBN: | 7-5633-2113-6 | |
| 000 | 00578nam0 2200193 45 | |
| 001 | 0102121558 | |
| 005 | 20010212154538.9 | |
| 010 | @a7-5633-2113-6@d16.00元 | |
| 100 | @a20010212d1999 km y0chiy0120 ea | |
| 101 | 0 | @achi |
| 105 | @a z 000yy | |
| 200 | 1 | @a汉魏六朝诗:走向顶峰之路@AHan Wei Liu Chao Shi:Zou Xiang Ding Feng Zhi Lu@f张亚新著@FZhang Ya Xin Zhu |
| 210 | @a桂林@c广西师范大学出版社@d1999.06 | |
| 215 | @a324页@d32开 | |
| 606 | 0 | @a文学@x中国 |
| 690 | @aI207.2@v3 | |
| 701 | 0 | @a张亚新@4著 |
| 801 | @aCN@bPftUser@c20010212 | |
| 905 | @b321131-135@dI207.2@eZH903@f5 | |
| 汉魏六朝诗:走向顶峰之路/张亚新著.-桂林:广西师范大学出版社,1999.06 |
| 324页;32开 |
| ISBN 7-5633-2113-6:16.00元 |
| ● |
| 相关链接 |
|
|
|
正题名:汉魏六朝诗:走向顶峰之路
索取号:I207.2/ZH903
 
预约/预借
| 序号 | 登录号 | 条形码 | 馆藏地/架位号 | 状态 | 备注 |
| 1 | 321131 | 203211318 | 社科二线400B/400B社科库 11排2列1层/ [索取号:I207.2/ZH903] | 在馆 | |
| 2 | 321132 | 203211327 | 社科二线400B/400B社科库 17排1列3层/ [索取号:I207.2/ZH903] | 在馆 | |
| 3 | 321133 | 203211336 | 社科二线400B/400B社科库 17排1列3层/ [索取号:I207.2/ZH903] | 在馆 | |
| 4 | 321134 | 203211345 | 文学库108/108文学库 7排2列3层/ [索取号:I207.2/ZH903] | 在馆 | |
| 5 | 321135 | 203211354 | 社科二线400B/400B社科库 16排2列4层/ [索取号:I207.2/ZH903] | 在馆 |